Home Print Resources E-Books E-Journals IIMT Lecture Series Library Membership Form Book Recommendation Form Campus Tour Take AdmissionAbout Us Contact Us

Modern Control System (Record no. 4894)

000 -LEADER
fixed length control field 00348nam a2200157Ia 4500
003 - CONTROL NUMBER IDENTIFIER
control field OSt
005 - DATE AND TIME OF LATEST TRANSACTION
control field 20231222105427.0
008 - FIXED-LENGTH DATA ELEMENTS--GENERAL INFORMATION
fixed length control field 170524s9999 xx 000 0 und d
020 ## - INTERNATIONAL STANDARD BOOK NUMBER
International Standard Book Number 9780070482890
040 ## - CATALOGING SOURCE
Transcribing agency iimt university
100 ## - MAIN ENTRY--PERSONAL NAME
Personal name Gopal
245 #0 - TITLE STATEMENT
Title Modern Control System
260 ## - PUBLICATION, DISTRIBUTION, ETC.
Name of publisher, distributor, etc. TMH New Delhi
260 ## - PUBLICATION, DISTRIBUTION, ETC.
Date of publication, distribution, etc. 2007
942 ## - ADDED ENTRY ELEMENTS (KOHA)
Source of classification or shelving scheme
Koha item type Book Bank

No items available.

IIMT, Central Library. All Rights Reserved IIMT,UNIVERSITY © 2023
Implemented and Customised by I CLOUDE EMS
You Are OPAC Visitor No
free web counter

Powered by Koha